000 01011nam a2200289 i 4500
003 DO-SdBNP
005 20230630110105.0
006 a||||fr|||| 00| 0
007 ta
008 230630e2010 dr ac||| |||| 00| 0 spa d
040 _aDO-SdBNP
_bspa
_cBNPHU
_erda
082 4 _222
_bR426m
110 1 _aPresidencia de la República Dominicana
_983640
245 1 0 _aMemorias 2006 - 2009. /
_cHéctor Báez Tisol; Colaboradores, Danilda Rojo, Humberto Vargas, Yolanda Capellán
264 _aSanto Domingo :
_bCOCECYT,
_c2010
300 _a71 páginas :
_bIlustraciones, retratos ;
_c28 cm.
336 _2rdaconten
_atexto
_btx
337 _2rdamedia
_asin medición
_bn
338 _2rdacarrier
_avolumen
_bnc
590 _aInventariado 2023 / MF
700 1 _aRojo, Danilda.
_983641
700 1 _aVargas, Humberto.
_983642
700 1 _aCapellán, yolanda
_983643
700 1 _aBáez Tisol,
_eeditor.
_983644
710 2 _aConsultoria de cooperación, Educativa, Ciencia y Tecnología
_983645
942 _2ddc
_cLBS1
999 _c54026
_d54026